| 000 | 00946cam a2200289 i 4500 | ||
|---|---|---|---|
| 999 |
_c200452719 _d70931 |
||
| 003 | TR-AnTOB | ||
| 005 | 20230328194019.0 | ||
| 007 | ta | ||
| 008 | 851011s1969 tu 000 0 tur d | ||
| 040 |
_aDLC _beng _erda _cCarP _dDLC _dTR-AnTOB |
||
| 041 | 0 | _atur | |
| 043 | _aa-tu--- | ||
| 050 | 0 | 0 |
_aKKX511 _b.A833 |
| 090 |
_aKKX511 _b.A833 |
||
| 100 | 1 |
_aAtaay, Aytekin _eauthor _938936 |
|
| 245 | 1 | 0 |
_aŞahıslar hukuku : _bbirinci yarım : giriş - hakiki şahıslar / _cProf. Dr. Aytekin Ataay. |
| 250 | _aİkinci bası | ||
| 264 |
_aİstanbul : _bİstanbul Üniversitesi, Hukuk Fakültesi, _c1969- |
||
| 300 |
_avolumes ; _c24 cm |
||
| 336 |
_atext _btxt _2rdacontent |
||
| 337 |
_aunmediated _bn _2rdamedia |
||
| 338 |
_avolume _bnc _2rdacarrier |
||
| 490 | 0 |
_aİstanbul Üniversitesi Yayınlarından No ; _v1471 _aHukuk Fakültesi No ; _v322 |
|
| 650 | 0 |
_aKişiler (Hukuk) _zTürkiye _9111428 |
|
| 942 |
_2lcc _cBK |
||